[Event "Netanya op"]
[Site "Netanya"]
[Date "2019.06.28"]
[Round "6"]
[White "Karp, Michael"]
[Black "Cohen, Elad"]
[Result "1-0"]
[WhiteElo "2194"]
[BlackElo "2019"]
[PlyCount "61"]
[EventDate "2019.06.23"]
[EventType "swiss"]
[EventRounds "9"]
[EventCountry "ISR"]
[SourceTitle "CBM 191 Extra"]
[Source "ChessBase"]
[SourceDate "2019.09.30"]
[SourceVersion "1"]
[SourceVersionDate "2019.09.30"]
[SourceQuality "1"]

1. Nf3 Nf6 2. c4 e6 3. g3 d5 4. Bg2 Be7 5. 0-0 0-0 6. d4 c5 7. cxd5 Nxd5 8. e4 Nf6 9. Nc3 b6 10. d5 exd5 11. e5 Ne8 12. Qxd5 Nc7 13. Qxd8 Rxd8 14. Ng5 f6 15. exf6 gxf6 16. Bf4 Nba6 17. Rfe1 fxg5 18. Bxc7 Nxc7 19. Rxe7 Rd7 20. Rxd7 Bxd7 21. Bxa8 Nxa8 22. Ne4 Bc6 23. Nxg5 Nc7 24. Re1 h6 25. Ne6 Nd5 26. a3 Bd7 27. Re5 Nf6 28. Nf4 Kf7 29. Nd5 Be6 30. Nxf6 Kxf6 31. f4 1-0

[Event "Netanya op"]
[Site "Netanya"]
[Date "2019.06.27"]
[Round "5"]
[White "Veinberg, Nimrod"]
[Black "Karp, Michael"]
[Result "1-0"]
[WhiteElo "2401"]
[BlackElo "2194"]
[PlyCount "91"]
[EventDate "2019.06.23"]
[EventType "swiss"]
[EventRounds "9"]
[EventCountry "ISR"]
[SourceTitle "CBM 191 Extra"]
[Source "ChessBase"]
[SourceDate "2019.09.30"]
[SourceVersion "1"]
[SourceVersionDate "2019.09.30"]
[SourceQuality "1"]

1. d4 d5 2. Nf3 Nf6 3. Bf4 c5 4. e3 Nc6 5. Nbd2 Qb6 6. dxc5 Qxb2 7. Rb1 Qc3 8. Rb3 Qxc5 9. c4 e6 10. Be2 Qa5 11. 0-0 Bb4 12. cxd5 exd5 13. a3 Be7 14. Rb5 Qd8 15. Qc2 0-0 16. Rd1 a6 17. Rb3 Nd7 18. e4 Nc5 19. Rbb1 Ne6 20. Be3 d4 21. Nb3 Bxa3 22. Nbxd4 Nexd4 23. Nxd4 Nxd4 24. Bxd4 Qg5 25. Rb3 Bd6 26. Bxg7 Be6 27. Bxf8 Bxb3 28. Qxb3 Bxf8 29. Rd7 Qg7 30. Qxb7 Re8 31. Bxa6 Bc5 32. Qd5 Be7 33. g3 Qf6 34. Bc4 Rd8 35. e5 Rxd7 36. Qxd7 Qxe5 37. Qe8+ Kg7 38. Qxf7+ Kh6 39. Bd3 Qg7 40. Qe6+ Qf6 41. Qh3+ Kg7 42. Qxh7+ Kf8 43. Qf5 Qxf5 44. Bxf5 Kg7 45. Kg2 Bc5 46. f4 1-0

[Event "ISR-ch op"]
[Site "Tel Aviv"]
[Date "1999.03.29"]
[Round "2"]
[White "Golod, Vitali"]
[Black "Karp, Michael"]
[Result "1-0"]
[WhiteElo "2554"]
[BlackElo "2305"]
[PlyCount "95"]
[EventDate "1999.03.28"]
[EventType "swiss"]
[EventRounds "9"]
[EventCountry "ISR"]
[SourceTitle "CBM 071"]
[Source "ChessBase"]
[SourceDate "1999.08.01"]
[SourceVersion "1"]
[SourceVersionDate "1999.08.01"]
[SourceQuality "1"]

1. d4 d5 2. c4 c6 3. Nf3 Nf6 4. Nc3 e6 5. e3 Nbd7 6. Qc2 Bd6 7. Bd3 Qe7 8. 0-0 0-0 9. c5 Bc7 10. e4 dxe4 11. Nxe4 Nxe4 12. Bxe4 h6 13. Re1 Nf6 14. Bd3 Rd8 15. Rb1 Bd7 16. b4 Nd5 17. Bd2 Bf4 18. Rb3 Be8 19. g3 Bxd2 20. Qxd2 b5 21. a4 bxa4 22. Ra3 Qf6 23. Kg2 Nc7 24. Rxa4 a6 25. Re4 Nb5 26. Bc4 Ra7 27. Qe3 Bd7 28. Ne5 Be8 29. h4 Nc7 30. Ra3 Rb8 31. Qe1 Nd5 32. Nd3 Nc7 33. Rf4 Qe7 34. Rg4 f5 35. Rf4 Nb5 36. Qxe6+ Bf7 37. Qxe7 Rxe7 38. Bxb5 axb5 39. Rxf5 Bd5+ 40. Rxd5 cxd5 41. Ne5 Ree8 42. Ra5 Ra8 43. Rxb5 Ra2 44. c6 Rf8 45. c7 Raxf2+ 46. Kh3 Rc2 47. Rc5 Rxc5 48. dxc5 1-0

[Event "Czerniak Memorial 11th"]
[Site "Tel Aviv"]
[Date "1995.??.??"]
[Round "3"]
[White "Boim, Inon"]
[Black "Karp, Michael"]
[Result "1-0"]
[WhiteElo "2365"]
[BlackElo "2275"]
[PlyCount "85"]
[EventDate "1995.??.??"]
[EventType "tourn"]
[EventRounds "11"]
[EventCountry "ISR"]
[EventCategory "4"]
[SourceTitle "EXT 1997"]
[Source "ChessBase"]
[SourceDate "1996.11.15"]
[SourceVersion "1"]
[SourceVersionDate "1996.11.15"]
[SourceQuality "1"]

1. e4 d6 2. g3 g6 3. Bg2 Bg7 4. Ne2 e5 5. d4 Nc6 6. d5 Nce7 7. c4 f5 8. Nbc3 Nf6 9. f3 0-0 10. 0-0 Kh8 11. Qc2 Neg8 12. Bd2 Rf7 13. Nc1 f4 14. gxf4 exf4 15. Bxf4 Nh5 16. Be3 Nf4 17. Bxf4 Rxf4 18. N3e2 Rh4 19. Nd3 Qg5 20. Rf2 Bd7 21. Qc1 Qe7 22. Qd2 Nf6 23. Ng3 Bh6 24. Qe2 Nh5 25. Nxh5 Rxh5 26. f4 Rf8 27. Raf1 Bg7 28. Qe3 Qh4 29. Bf3 Rh6 30. Kh1 Bh3 31. Rg1 Qf6 32. Rg3 Rh4 33. e5 dxe5 34. fxe5 Qe7 35. Be4 Bh6 36. Rxf8+ Qxf8 37. Qf3 Qxf3+ 38. Bxf3 Bf5 39. e6 Kg7 40. Ne5 Bf4 41. e7 Bxg3 42. e8Q Rxh2+ 43. Kg1 1-0

[Event "Czerniak Memorial 11th"]
[Site "Tel Aviv"]
[Date "1995.??.??"]
[Round "5"]
[White "Karp, Michael"]
[Black "Grinshpun, Eduard"]
[Result "0-1"]
[WhiteElo "2275"]
[BlackElo "2390"]
[PlyCount "72"]
[EventDate "1995.??.??"]
[EventType "tourn"]
[EventRounds "11"]
[EventCountry "ISR"]
[EventCategory "4"]
[SourceTitle "EXT 1997"]
[Source "ChessBase"]
[SourceDate "1996.11.15"]
[SourceVersion "1"]
[SourceVersionDate "1996.11.15"]
[SourceQuality "1"]

1. d4 Nf6 2. Nf3 c6 3. c4 d6 4. Nc3 Nbd7 5. e4 e5 6. Be2 Be7 7. 0-0 0-0 8. Qc2 a6 9. b3 Re8 10. Bb2 Qc7 11. Na4 exd4 12. Bxd4 b6 13. Rad1 Bb7 14. Be3 b5 15. Nb2 Bf8 16. Nd2 Rac8 17. Rc1 Qb8 18. Bf4 Qa8 19. Bf3 Nc5 20. Rfe1 Ne6 21. Bg3 Nd4 22. Qd3 c5 23. Nd1 d5 24. cxd5 Nxd5 25. Ne3 Nb4 26. Qb1 Rcd8 27. Nd5 Nxd5 28. exd5 Bxd5 29. Bxd5 Qxd5 30. Kh1 Ne2 31. Rc2 Qd3 32. Nf3 Nxg3+ 33. hxg3 Rxe1+ 34. Nxe1 Qf1+ 35. Kh2 Rd6 36. g4 Re6 0-1

[Event "Chania op 5th"]
[Site "Chania"]
[Date "1995.??.??"]
[Round "7"]
[White "Karp, Michael"]
[Black "Kourkounakis, Ilias"]
[Result "0-1"]
[WhiteElo "2275"]
[BlackElo "2400"]
[PlyCount "80"]
[EventDate "1995.08.??"]
[EventType "swiss"]
[EventRounds "9"]
[EventCountry "GRE"]
[SourceTitle "EXT 1997"]
[Source "ChessBase"]
[SourceDate "1996.11.15"]
[SourceVersion "1"]
[SourceVersionDate "1996.11.15"]
[SourceQuality "1"]

1. d4 Nf6 2. Nf3 g6 3. Bg5 Bg7 4. Nbd2 c5 5. Bxf6 Bxf6 6. Ne4 Bxd4 7. Nxd4 cxd4 8. Qxd4 0-0 9. h4 Qa5+ 10. c3 Nc6 11. Qd2 d5 12. Ng5 f6 13. Nf3 e5 14. e3 Be6 15. Be2 Rfd8 16. 0-0 Rd7 17. Rfd1 Rad8 18. Qc2 Kg7 19. Rd2 a6 20. b4 Qc7 21. Qa4 Ne7 22. Rc2 Nf5 23. g3 Nd6 24. Nd2 Bf5 25. Rcc1 Nc4 26. Nxc4 dxc4 27. b5 axb5 28. Qxb5 Bd3 29. Bg4 Rd6 30. Qb4 Rb6 31. Qa3 Rdd6 32. Bf3 Rb5 33. Rd1 e4 34. Bg2 Ra6 35. Qc1 Rab6 36. Kh2 Qc5 37. a4 Rb3 38. a5 Ra6 39. Ra4 Rxa5 40. Qa1 Ra3 0-1

[Event "Czerniak Memorial 11th"]
[Site "Tel Aviv"]
[Date "1995.??.??"]
[Round "9"]
[White "Karp, Michael"]
[Black "Shvidler, Eliahu"]
[Result "1-0"]
[WhiteElo "2275"]
[BlackElo "2455"]
[PlyCount "85"]
[EventDate "1995.??.??"]
[EventType "tourn"]
[EventRounds "11"]
[EventCountry "ISR"]
[EventCategory "4"]
[SourceTitle "EXT 1997"]
[Source "ChessBase"]
[SourceDate "1996.11.15"]
[SourceVersion "1"]
[SourceVersionDate "1996.11.15"]
[SourceQuality "1"]

1. d4 d5 2. c4 c6 3. Nc3 Nf6 4. cxd5 cxd5 5. Bf4 Nc6 6. e3 a6 7. Bd3 Bg4 8. Nge2 e6 9. a3 Bd6 10. Qc2 Bxe2 11. Nxe2 0-0 12. 0-0 Bxf4 13. Nxf4 Qd6 14. Rac1 Rac8 15. Qd2 g6 16. Rc3 Nd7 17. Rfc1 Ne7 18. Rxc8 Rxc8 19. Rxc8+ Nxc8 20. Qc3 Ne7 21. Be2 Nf6 22. f3 Nd7 23. Nd3 Nf5 24. Nc5 Nxc5 25. dxc5 Qd8 26. b4 d4 27. exd4 Nxd4 28. Bf1 Qf6 29. Qd3 Qf4 30. g3 Nxf3+ 31. Kf2 Qh6 32. Qxf3 Qxh2+ 33. Bg2 Qh6 34. Qf4 Qh5 35. Bxb7 e5 36. Qe3 Qf5+ 37. Bf3 h5 38. c6 Kh7 39. Qe4 Qg5 40. c7 Qd2+ 41. Be2 Qd7 42. Qc4 Qf5+ 43. Kg2 1-0

[Event "Czerniak Memorial 11th"]
[Site "Tel Aviv"]
[Date "1995.??.??"]
[Round "1"]
[White "Kundin, Alexander"]
[Black "Karp, Michael"]
[Result "1-0"]
[WhiteElo "2205"]
[BlackElo "2275"]
[PlyCount "41"]
[EventDate "1995.??.??"]
[EventType "tourn"]
[EventRounds "11"]
[EventCountry "ISR"]
[EventCategory "4"]
[SourceTitle "EXT 1997"]
[Source "ChessBase"]
[SourceDate "1996.11.15"]
[SourceVersion "1"]
[SourceVersionDate "1996.11.15"]
[SourceQuality "1"]

1. e4 g6 2. d4 d6 3. Nc3 Bg7 4. f4 a6 5. Nf3 Nd7 6. Bc4 b5 7. Bxf7+ Kf8 8. Bd5 c6 9. Bxc6 Rb8 10. Bd5 Nb6 11. Bb3 b4 12. Ne2 Nf6 13. e5 Ne4 14. 0-0 d5 15. a3 bxa3 16. Rxa3 e6 17. Qd3 Qc7 18. Ng5 Nxg5 19. fxg5+ Ke8 20. Nf4 Rf8 21. Qh3 1-0

[Event "Czerniak Memorial 11th"]
[Site "Tel Aviv"]
[Date "1995.??.??"]
[Round "6"]
[White "Olesen, Martin"]
[Black "Karp, Michael"]
[Result "0-1"]
[WhiteElo "2340"]
[BlackElo "2275"]
[PlyCount "150"]
[EventDate "1995.??.??"]
[EventType "tourn"]
[EventRounds "11"]
[EventCountry "ISR"]
[EventCategory "4"]
[SourceTitle "EXT 1997"]
[Source "ChessBase"]
[SourceDate "1996.11.15"]
[SourceVersion "1"]
[SourceVersionDate "1996.11.15"]
[SourceQuality "1"]

1. e4 d6 2. d4 g6 3. Nc3 Bg7 4. Nf3 Nf6 5. Bf4 Nc6 6. Qd2 0-0 7. Bh6 e5 8. d5 Nd4 9. Bxg7 Nxf3+ 10. gxf3 Kxg7 11. f4 exf4 12. Qxf4 Bg4 13. f3 Bd7 14. 0-0-0 Nh5 15. Qe3 Qh4 16. Rd4 Ng3 17. Rg1 Qxh2 18. Rd2 Nxf1 19. Rxf1 Qh4 20. Rdd1 Qe7 21. f4 Rfe8 22. Rh1 f6 23. Rde1 h5 24. Qd4 Bg4 25. Re3 a6 26. Rhe1 Kh7 27. Qd2 Qg7 28. Nd1 Bxd1 29. Qxd1 Qh6 30. Qf3 Re7 31. Kb1 Rae8 32. a3 g5 33. fxg5 fxg5 34. e5 dxe5 35. Rf1 Qg6 36. Qe2 g4 37. Rh1 Kg7 38. Re4 Qg5 39. c4 Rf7 40. c5 Rf3 41. d6 cxd6 42. cxd6 Rf7 43. Ka1 Rd7 44. Rxh5 Qxh5 45. Rxg4+ Kf6 46. Rf4+ Kg6 47. Rg4+ Kf5 48. Rf4+ Kxf4 49. Qxh5 Red8 50. Qh2+ Ke4 51. Qe2+ Kd4 52. Qd2+ Kc5 53. Qc3+ Kxd6 54. Qd3+ Ke7 55. Qh7+ Kf6 56. Qh6+ Kf5 57. Qh5+ Kf4 58. Qh4+ Ke3 59. Qe1+ Kd4 60. Qd2+ Kc5 61. Qc3+ Kd6 62. Qd3+ Kc7 63. Qc3+ Kb8 64. Qxe5+ Ka8 65. Ka2 Rd6 66. Qe7 R8d7 67. Qe3 Rc7 68. Qe8+ Ka7 69. Qe5 Rdc6 70. Kb1 Rd7 71. Qe3+ Rb6 72. Qc5 Rd1+ 73. Ka2 Rd2 74. a4 Rdxb2+ 75. Ka1 R2b4 0-1

[Event "ISR-ch"]
[Site "Tel Aviv"]
[Date "1994.??.??"]
[Round "4"]
[White "Karp, Michael"]
[Black "Gurevich, Gregory"]
[Result "0-1"]
[WhiteElo "2260"]
[BlackElo "2350"]
[PlyCount "120"]
[EventDate "1994.10.??"]
[EventType "swiss"]
[EventRounds "11"]
[EventCountry "ISR"]
[SourceTitle "EXT 1997"]
[Source "ChessBase"]
[SourceDate "1996.11.15"]
[SourceVersion "1"]
[SourceVersionDate "1996.11.15"]
[SourceQuality "1"]

1. Nf3 Nf6 2. g3 d5 3. Bg2 c6 4. 0-0 Bg4 5. h3 Bh5 6. c4 Nbd7 7. d4 e6 8. Bf4 dxc4 9. Nc3 Nd5 10. Bd2 Bd6 11. e4 N5b6 12. Qe2 0-0 13. Be3 Bxf3 14. Qxf3 e5 15. Rad1 Qe7 16. Qg4 f6 17. h4 exd4 18. Bxd4 Ne5 19. Qe2 Rad8 20. Qc2 Nd3 21. Ne2 Nb4 22. Qb1 Nc8 23. a3 Na6 24. Qc2 b5 25. e5 fxe5 26. Be3 Qc7 27. Be4 g6 28. h5 gxh5 29. b4 cxb3 30. Qxb3+ Qf7 31. Qxf7+ Kxf7 32. Bxc6 Nc7 33. f4 Bxa3 34. fxe5+ Kg7 35. Nf4 Be7 36. Nxh5+ Kh8 37. Nf6 Nb6 38. Ra1 Nc8 39. Ra2 Rd3 40. Bh6 Rf7 41. Kh2 Bf8 42. Bf4 a6 43. Rc2 Nb6 44. Be4 Rd8 45. Rc6 Nc4 46. Nh5 Nd2 47. Rd1 Rfd7 48. Rxc7 Rxc7 49. e6 Rc5 50. g4 Bd6 51. e7 Rxh5+ 52. Kg2 Bxe7 53. Rxd2 Rxd2+ 54. Bxd2 Rc5 55. Kf3 Bf6 56. Bb7 Rc2 57. Be1 Bc3 58. Bg3 a5 59. Ke3 Rb2 60. Kd3 Bg7 0-1

[Event "ISR-ch"]
[Site "Tel Aviv"]
[Date "1994.??.??"]
[Round "10"]
[White "Karp, Michael"]
[Black "Zak, Uriel"]
[Result "0-1"]
[WhiteElo "2260"]
[BlackElo "2370"]
[PlyCount "78"]
[EventDate "1994.10.??"]
[EventType "swiss"]
[EventRounds "11"]
[EventCountry "ISR"]
[SourceTitle "EXT 1997"]
[Source "ChessBase"]
[SourceDate "1996.11.15"]
[SourceVersion "1"]
[SourceVersionDate "1996.11.15"]
[SourceQuality "1"]

1. d4 d5 2. Nf3 e6 3. c4 c6 4. e3 Nf6 5. Nbd2 Nbd7 6. b3 Bd6 7. Bb2 Qe7 8. Ne5 Ba3 9. Bxa3 Qxa3 10. Nd3 Ne4 11. Qc2 Nxd2 12. Qxd2 b6 13. Be2 Ba6 14. Rc1 0-0 15. Nb4 Bb7 16. cxd5 exd5 17. 0-0 Rac8 18. Rc2 a5 19. Nd3 Rc7 20. Rfc1 Nf6 21. Bf3 Rfc8 22. h3 Ba6 23. Ne5 Qd6 24. Be2 Ne4 25. Qd1 Bxe2 26. Qxe2 c5 27. Qa6 Qe6 28. Nd3 c4 29. bxc4 dxc4 30. Nb2 c3 31. Nd1 Rc4 32. f3 Nf6 33. Kf2 Nd5 34. a3 Qc6 35. e4 Nf4 36. Ke3 Ra8 37. Rxc3 Nd5+ 38. exd5 Qe8+ 39. Kd3 Rxc3+ 0-1

[Event "Tel Aviv"]
[Site "Tel Aviv"]
[Date "1990.??.??"]
[Round "4"]
[White "Karp, Michael"]
[Black "Davies, Nigel Rodney"]
[Result "0-1"]
[WhiteElo "2250"]
[BlackElo "2485"]
[PlyCount "100"]
[EventDate "1990.02.25"]
[EventType "tourn"]
[EventRounds "11"]
[EventCountry "ISR"]
[EventCategory "9"]
[SourceTitle "CBM 020 Extra"]
[Source "ChessBase"]
[SourceDate "1991.03.01"]
[SourceVersion "1"]
[SourceVersionDate "1991.03.01"]
[SourceQuality "1"]

1. c4 g6 2. Nc3 Bg7 3. g3 Nf6 4. Bg2 0-0 5. e3 e5 6. Nge2 d6 7. 0-0 Re8 8. b4 Nbd7 9. Rb1 Nf8 10. Qb3 h5 11. h3 N8h7 12. d3 Ng5 13. h4 Ne6 14. e4 c6 15. Ba3 a6 16. c5 b5 17. cxd6 Qxd6 18. Bc1 Bb7 19. Rd1 Red8 20. a4 Rab8 21. Be3 Ng4 22. Bb6 Rd7 23. f3 Nf6 24. d4 exd4 25. Nxd4 Nxd4 26. Rxd4 Qxg3 27. Ne2 Qxh4 28. Rxd7 Nxd7 29. Bf2 Qe7 30. axb5 axb5 31. Rd1 Ra8 32. Qd3 Ne5 33. Qd2 Re8 34. Bc5 Qc7 35. f4 Nc4 36. Qd7 Qxd7 37. Rxd7 Bc8 38. Rc7 Bg4 39. Nd4 Bh6 40. Nxc6 Bxf4 41. Ra7 Ne3 42. Ne7+ Kg7 43. Bd4+ Kh6 44. Nd5 Nxd5 45. exd5 Re1+ 46. Kf2 Re2+ 47. Kg1 Rd2 48. Bc5 f6 49. d6 h4 50. Ra8 Kg5 0-1

[Event "Tel Aviv"]
[Site "Tel Aviv"]
[Date "1990.??.??"]
[Round "10"]
[White "Karp, Michael"]
[Black "Kagan, Shimon"]
[Result "0-1"]
[WhiteElo "2250"]
[BlackElo "2390"]
[PlyCount "38"]
[EventDate "1990.02.25"]
[EventType "tourn"]
[EventRounds "11"]
[EventCountry "ISR"]
[EventCategory "9"]
[SourceTitle "CBM 020 Extra"]
[Source "ChessBase"]
[SourceDate "1991.03.01"]
[SourceVersion "1"]
[SourceVersionDate "1991.03.01"]
[SourceQuality "1"]

1. e4 c5 2. c3 d5 3. exd5 Qxd5 4. d4 e6 5. Nf3 Nc6 6. Na3 Qd8 7. Bf4 Nf6 8. dxc5 Nd5 9. Bd6 Bxd6 10. cxd6 Qxd6 11. Nb5 Qe7 12. c4 a6 13. Nbd4 Ndb4 14. a3 e5 15. Nb3 Bg4 16. axb4 e4 17. Qe2 0-0-0 18. b5 Qb4+ 19. Qd2 exf3 0-1

[Event "Tel Aviv"]
[Site "Tel Aviv"]
[Date "1990.??.??"]
[Round "9"]
[White "Soffer, Ram"]
[Black "Karp, Michael"]
[Result "1-0"]
[WhiteElo "2440"]
[BlackElo "2250"]
[PlyCount "75"]
[EventDate "1990.02.25"]
[EventType "tourn"]
[EventRounds "11"]
[EventCountry "ISR"]
[EventCategory "9"]
[SourceTitle "CBM 020 Extra"]
[Source "ChessBase"]
[SourceDate "1991.03.01"]
[SourceVersion "1"]
[SourceVersionDate "1991.03.01"]
[SourceQuality "1"]

1. d4 Nf6 2. c4 g6 3. Nc3 Bg7 4. e4 d6 5. Be2 0-0 6. Nf3 c5 7. 0-0 cxd4 8. Nxd4 Nc6 9. Be3 Bd7 10. Qd2 Ng4 11. Bxg4 Bxg4 12. b3 Re8 13. h3 Bd7 14. Rad1 Qa5 15. a4 Rac8 16. Nd5 Qxd2 17. Rxd2 Nxd4 18. Bxd4 Bxd4 19. Rxd4 Be6 20. f4 Bxd5 21. Rxd5 Rc7 22. Rfd1 Rec8 23. Kf2 a6 24. e5 dxe5 25. fxe5 f5 26. e6 b6 27. Rd7 Kf8 28. Rxc7 Rxc7 29. Rd8+ Kg7 30. Rd7 Rc6 31. Rxe7+ Kf6 32. Ra7 b5 33. e7 Kf7 34. cxb5 axb5 35. a5 b4 36. a6 Ke8 37. Ra8+ Kd7 38. a7 1-0

[Event "Holon op"]
[Site "Holon"]
[Date "1986.??.??"]
[Round "?"]
[White "Karp, Michael"]
[Black "Hertneck, Gerald"]
[Result "0-1"]
[WhiteElo "2260"]
[BlackElo "2445"]
[PlyCount "96"]
[EventDate "1986.12.??"]
[EventType "swiss"]
[EventRounds "9"]
[EventCountry "ISR"]
[SourceTitle "EXT 1997"]
[Source "ChessBase"]
[SourceDate "1996.11.15"]
[SourceVersion "1"]
[SourceVersionDate "1996.11.15"]
[SourceQuality "1"]

1. Nf3 g6 2. g3 Bg7 3. Bg2 c5 4. c4 Nc6 5. Nc3 d6 6. 0-0 Rb8 7. a3 b6 8. b4 e6 9. Rb1 Nge7 10. e3 0-0 11. d4 Bb7 12. Ne2 Qc7 13. Qb3 Rfc8 14. Bd2 cxd4 15. exd4 Nf5 16. Qd3 e5 17. d5 Re8 18. dxc6 e4 19. Qb3 exf3 20. Qxf3 Bxc6 21. Qxc6 Qxc6 22. Bxc6 Rxe2 23. Rbd1 Nd4 24. Bd5 Rbe8 25. b5 Nb3 26. Be3 Rc2 27. Bc6 Re6 28. Bd7 Re4 29. Rxd6 Bf8 30. Rdd1 Na5 31. c5 Bxc5 32. Bh6 f6 33. Bc6 Nxc6 34. bxc6 Kf7 35. Rd7+ Re7 36. Rxe7+ Bxe7 37. Rc1 Rxc1+ 38. Bxc1 Ke6 39. a4 Bd6 40. Bb2 f5 41. Kf1 Kd5 42. Ke2 Kxc6 43. Kd3 b5 44. axb5+ Kxb5 45. h4 a5 46. h5 gxh5 47. Bc1 a4 48. Bb2 Kb4 0-1

[Event "Holon op"]
[Site "Holon"]
[Date "1986.??.??"]
[Round "?"]
[White "Pliester, Leon"]
[Black "Karp, Michael"]
[Result "1-0"]
[WhiteElo "2365"]
[BlackElo "2260"]
[PlyCount "137"]
[EventDate "1986.12.??"]
[EventType "swiss"]
[EventRounds "9"]
[EventCountry "ISR"]
[SourceTitle "EXT 1997"]
[Source "ChessBase"]
[SourceDate "1996.11.15"]
[SourceVersion "1"]
[SourceVersionDate "1996.11.15"]
[SourceQuality "1"]

1. d4 Nf6 2. c4 c5 3. d5 e6 4. Nc3 exd5 5. cxd5 d6 6. e4 g6 7. f4 Bg7 8. Bb5+ Nfd7 9. a4 0-0 10. Nf3 a6 11. Be2 b6 12. 0-0 Nf6 13. h3 Nbd7 14. e5 Ne8 15. Bc4 dxe5 16. Ne4 Rb8 17. d6 exf4 18. Neg5 h6 19. Nxf7 Rxf7 20. Bxf7+ Kxf7 21. Bxf4 Kg8 22. Qd3 Kh7 23. Rae1 Rb7 24. Re7 Ndf6 25. Rfe1 Bf5 26. Qxa6 Rxe7 27. dxe7 Qd7 28. Qxb6 Qxa4 29. Be5 Nd7 30. b3 Nxb6 31. bxa4 Nxa4 32. Ra1 Nb6 33. Ra6 Nd7 34. Ra8 Nxe5 35. Nxe5 Nc7 36. e8Q Nxe8 37. Rxe8 g5 38. Kf2 Bc2 39. Ke3 Ba4 40. Re7 Kg8 41. Nf3 h5 42. Ra7 Bb5 43. Ra8+ Kh7 44. Nxg5+ Kg6 45. Ne4 Bf1 46. Kf3 c4 47. Ra6+ Kf7 48. Ng3 Bd3 49. Nxh5 Bb2 50. Nf4 Bf5 51. Rc6 c3 52. Nd5 c2 53. Ne3 c1Q 54. Rxc1 Bxc1 55. Nxf5 Kf6 56. Ne3 Kg5 57. g3 Bd2 58. h4+ Kh5 59. Nd5 Be1 60. Nf4+ Kh6 61. Kg4 Kg7 62. Ne2 Bd2 63. Kf5 Kh6 64. g4 Ba5 65. Nf4 Bc3 66. g5+ Kh7 67. Nd5 Bd2 68. Kf6 Kh8 69. Kf7 1-0